000 00846nam a22001695i 4500
001 167679
003 ES-MaACL
005 20230906213555.0
008 050929s1879 sp | |||||||| ||spa d
100 1 _aVirella Cassañes, Francisco.
_9133789
245 1 0 _aMemoria leída en la Universidad Central al recibir la investidura de doctor en la Facultad de Derecho, Sección del Civil y Canónico por el licenciado de la misma Francisco Virella Cassañes.
260 _aBarcelona :
_b[s.n.],
_c1879 (
_fEstab. tip. de los sucesores de N. Ramírez y Cª)
300 _a49 p. ;
_c27 cm.
594 _aTít. del discurso: "Las huelgas, sus causas económicas que las rigen. El Estado ¿debe tolerar su existencia?"
650 4 _aHuelgas.
_913489
852 _aES-MaACL
_jT-1274-F-2
_z- Enc. hol. conservando la cub. original
_z- Enc. en un vol. facticio
999 _c167679
_d167679